Statistics for Art Works Picture Quiz #3

Click here to take the quiz!

General Stats

  • This quiz has been taken 23,728 times
    (12,200 since last reset)
  • The average score is 8 of 15

Answer Stats

Answer % Correct
Leonardo da Vinci /
Vitruvian Man
95%
Pablo Picasso /
The Old Guitarist
86%
Michelangelo /
Pietà
77%
Rembrandt /
Self-Portrait
76%
Claude Monet /
Houses of Parliament
72%
Banksy /
Balloon Girl
62%
Edvard Eriksen /
The Little Mermaid
55%
Grant Wood /
American Gothic
48%
Raphael /
The School of Athens
47%
Édouard Manet /
Le Déjeuner sur l’herbe
45%
Alexandros of Antioch /
Venus de Milo
43%
J.M.W. Turner /
Rain, Steam and Speed
30%
Edward Hopper /
Nighthawks
30%
Marc Chagall /
I and the Village
16%
Marcel Duchamp /
Nude Descending a Staircase, No. 2
10%

Score Distribution

Percentile by Number Answered

Percent of People with Each Score

Your Score History

You have not taken this quiz since the last reset